| 000 | 01305nam a2200253 a 4500 | ||
|---|---|---|---|
| 008 | 180905s2014 ||||||||||||||||| || u | ||
| 020 | _a9789881296863 | ||
| 050 | _aSB 475.9 Gre | ||
| 100 | _aSong, John | ||
| 245 | 1 | 0 |
_aGreenway design: context, identity and sustainability _cEdited by John Song; Lola Meeker; Julia Connor; Jessica Cyrus |
| 260 |
_aCalifornia: _bDesign Media Publishing Limited _c2014 |
||
| 300 | _a128p.: ill. | ||
| 350 | _a12.89 | ||
| 490 | _aLandscape Record | ||
| 500 | _a11. 2014 NO.6 | ||
| 650 | _aLANDSCAPE ARCHITECTURE | ||
| 700 | _aCyrus, Jessica | ||
| 700 | _aConnor, Jutta | ||
| 700 | _aMeeker, Lola | ||
| 995 |
_aANNEX COLLECTION (Main Library) _e748626 _FCBU-MAIN LIBRARY (Kitwe) _I12.89 _jSB 475.9 Gre _M2 _UAVAILABLE _WFeb 6, 2019 _y748626 _ZAnnex Low-Usage Collection |
||
| 995 |
_aANNEX COLLECTION (Main Library) _e748625 _FCBU-MAIN LIBRARY (Kitwe) _I12.89 _jSB 475.9 Gre _M1 _UAVAILABLE _WFeb 6, 2019 _y748625 _ZAnnex Low-Usage Collection |
||
| 995 |
_aANNEX COLLECTION (Main Library) _e748628 _FCBU-MAIN LIBRARY (Kitwe) _I12.89 _jSB 475.9 Gre _M4 _UAVAILABLE _WFeb 6, 2019 _y748628 _ZAnnex Low-Usage Collection |
||
| 995 |
_aANNEX COLLECTION (Main Library) _e748627 _FCBU-MAIN LIBRARY (Kitwe) _I12.89 _jSB 475.9 Gre _M3 _UAVAILABLE _WFeb 6, 2019 _y748627 _ZAnnex Low-Usage Collection |
||
| 999 |
_c76010 _d76010 |
||